00788nam a2200241Ia 4500003000900000005001700009008004100026040003300067041000800100080001200108100001400120245005000134250010000184260003300284300002400317650001000341650005000351650001400401650001000415942000700425952009700432999001700529LK-CoDNM20240930100617.0010623t1883 xxu||||| |||| 00| 1 eng d aLK-CoDNMdLK-CoDNMeLK-CoDNM aeng a24bK12 aWall,A.J. aIndian Snake Poisons their Nature and Effects afellow of the royal college of surgeons of england ; of the medical staff, H.M.'s indian army. bW.H.Allen Co aLondonc1883 bvii, 171p. : 20 cm aSnake aIndian Snake Poisons their Nature and Effects aWall,A.J. a24K12 cBK 001041708OLAaMAINbMAINcREFd2024-09-30l0o24 K12pOJP2179r2024-09-30w2024-09-30yBK c82428d82428